000 00596nam a2200229Ia 4500
003 OSt
005 20221006163906.0
006 a|||||r|||| 00| 0
007 ta
008 221006b |||||||| |||| 00| 0 eng d
024 _a6,876
037 _cTextual
040 _aFML
_cFML
_beng
041 _2eng
_aeng
082 _aY:12, K5
100 _aAtreya Bhikhan Lal Au.
_9676125
245 0 _aIndian Culture
260 _aDelhi
_bA Universal Publication India
_c1965
300 _a96
_ccm.
942 _hY:12, K5
_cTEXL
_2CC
999 _c1115648
_d1115648